Geostatistics : Modeling Spatial Uncertainty /

Guardat en:
Dades bibliogràfiques
Autor principal: Chilès, Jean-Paul (autor)
Altres autors: Delfiner, Pierre (autor) (autor)
Format: Llibre
Idioma:anglès
Publicat: Nueva York, EUA : Wiley, 1999, c1999
Col·lecció:(Wiley Series in Probability and Statistics. Applied Probability and Statistics Section)
Matèries:
Etiquetes: Afegir etiqueta
Sense etiquetes, Sigues el primer a etiquetar aquest registre!

MARC

LEADER 00000nam^a2200000^a^4500
001 000165220
005 20250521000000.0
009 20260310101011.38
020 |a 0-471-08315-1 
037 |a Acervo ITESO - Biblioteca 
041 |a ING 
082 |a 550. 72  |b CHI 
100 |a Chilès, Jean-Paul  |e (autor) 
245 1 0 |a Geostatistics :  |b Modeling Spatial Uncertainty /  |c J.P. Chilès, P. Delfiner. 
264 4 |a Nueva York, EUA :  |b Wiley,  |c 1999, c1999 
300 |a XI, 695 p. 
336 |a texto  |b txt  |2 rdacontenido 
337 |a sin mediación  |b n  |2 rdamedio 
338 |a volumen  |b nc  |2 rdasoporte 
440 1 |a (Wiley Series in Probability and Statistics.  |p Applied Probability and Statistics Section) 
649 |a XX 
650 |a Análisis Espacial (Estadística) -  |x Tema Principal 
650 |a Estadística -  |x Metodología 
650 |a Matemáticas 
650 |a Ciencias de la Tierra -  |x Metodología -  |x Tema Principal 
700 |a Delfiner, Pierre  |e (autor) 
910 |a Fondo General 
920 |a Impresos - Libros 
930 |a Colección General 
905 |a 101 
901 |a 0500099656  |b IT1  |c ACC  |u 20250521 
901 |a 0500099653  |b IT1  |c ACC  |u 20250521 
902 |a https://opac.biblio.iteso.mx/vufind/Record/000165220